01623cam a2200205Ia 4500020001500000020001800015040000800033082002600041100002200067245006600089250003100155300004300186500001900229520106600248650001901314650001401333700001701347700001701364710003601381 a0553346148 a9780553346145 cSVP04a523 STE 1988 A026 Or.1 aHawking, Stephen,12aA brief history of time :bfrom the big bang to black holes / aBantam Trade Paper edition ax, 198 pages :billustrations ;c23 cm aIncludes index a"Stephen Hawking has earned a reputation as the most brilliant theoretical physicist since Einstein. In this landmark volume, Professor Hawking shares his blazing intellect with nonscientists everywhere, guiding us expertly to confront the supreme questions of the nature of time and the universe. Was there a beginning of time? Will there be an end? Is the universe infinite or does it have boundaries? From Galileo and Newton to modern astrophysics, from the breathtakingly cast to the extraordinarily tiny, Professor Hawking leads us on an exhilarating journey to distant galaxies, black holes, alternate dimensions--as close as man has ever ventured to the mind of God. From the vantage point of the wheelchair from which he has spent more than twenty years trapped by Lou Gehrig's disease, Stephen Hawking has transformed our view of the universe. Cogently explained, passionately revealed, A Brief History of Time is the story of the ultimate quest for knowledge: the ongoing search for the tantalizing secrets at the heart of time and space."--Book cover 0aSpace and time 0aCosmology1 aSagan, Carl,1 aMiller, Ron,2 aRogers D. Spotswood Collection.